| 000 | 00688nam a22002297a 4500 | ||
|---|---|---|---|
| 003 | DO-SdBNP | ||
| 005 | 20210622113938.0 | ||
| 007 | ta | ||
| 008 | 210622e2021 dr ||||er|||| 00| 0dspa d | ||
| 020 | _a9789945504163 | ||
| 040 |
_aDO-SdBNP _bspa _cBNPHU |
||
| 041 | _hspa | ||
| 082 | _bS232a , 2021 | ||
| 100 | 1 |
_aSantana Sosa , Francisco Antonio _d1970 - _978963 |
|
| 245 | 1 | 3 |
_aEl arte de la crítica / _cFrancisco Antonio Santana Sosa |
| 250 | _a2.da ed. | ||
| 260 |
_aSanto Domingo : _bEditora el Nuevo Diario , _c2021 |
||
| 300 |
_a127 p.; _c19 cm |
||
| 500 | _aIncluye biografía del autor en la portada posterior. | ||
| 504 | _aBibliografía , p.126 - 127. | ||
| 942 |
_2ddc _cLBS1 |
||
| 999 |
_c49982 _d49982 |
||